00779nam a2200253 a 4500001001300000003000900013005001700022008004100039020001000080082001500090100002600105245006900131260004200200300000900242500003500251505001200286650002700298650001600325700002600341902000800367942000700375952012800382999001500510nice12345678IN_TiNIC20260116012940.0050524s1953 illa grp 000 0 eng  ac93100a149.7bCOH aCohen, Morris Raphael aReason and Natureb an Essay on the Meaning of Scientific Method aIllinoisbFree Press of Glencoec1953 a470p aincludes index and biblioraphy2 aIndices aPhilosophy-Methodology aRationalism1 aCohen, Morris Raphael bSRS cBK 001040708StackRoom-aHMIbHMId2007-07-31g931.00l1o149.7 COHp014737r2021-11-02s2020-03-03v931.00w2005-05-24yBK c9015d9015